000 00413nam a2200157 i 4500
001 149875
003 ES-MaACL
005 20230906203307.0
007 t|
008 071024s1967 sp ||||1| spa d
100 1 _aVandellos, V.
_9113051
245 1 0 _aMás allá del sexo /
_cpor V. Vandellos.
260 _aBarcelona :
_bAlas,
_c[1967]
300 _a128 p. ;
_c17 cm.
852 _aES-MaACL
_jC-32540
_bR.63006
999 _c149875
_d149875